| 000 | 00697nam a2200229 i 4500 | ||
|---|---|---|---|
| 001 | 185810 | ||
| 003 | SpMaBN | ||
| 005 | 20250811063207.0 | ||
| 008 | 160811s2004 sp |||| | spa d | ||
| 020 | _a84-8191-579-3 | ||
| 080 | _a821.134.2-14"19" | ||
| 100 | 1 |
_aParra, José Luis, _d1944- _9160453 |
|
| 245 | 1 | 0 |
_aTiempo de renuncia / _cJosé Luis Parra. |
| 250 | _a1ª ed. | ||
| 260 |
_aValencia : _bPre-Textos, _c2004. |
||
| 300 |
_a108 p. ; _c21 cm. |
||
| 490 | 1 |
_aPoesía (Editorial Pre-Textos) ; _v675 |
|
| 830 | 0 | 0 |
_aPoesía (Editorial Pre-Textos) ; _v675 _9236462 |
| 852 |
_aES-MaACL _jL-30533 _z. - Donat. Miguel A. Velasco |
||
| 942 | _2udc | ||
| 999 |
_c185810 _d185810 |
||